000 00381nam a2200145Ia 4500
008 231129s2003||||xx |||||||||||||| ||spa||
020 _a958-8160-33-2
040 _bspa
082 _a920.72 T838p
100 _aTristán Flora
245 0 _aPeregrinaciones de una paria
260 _c2003
264 _aVillegas Editores
942 _2ddc
_cBKS
999 _c22626
_d22626